Travels into several remote nations of the world / (Record no. 664355)

MARC details
000 -LEADER
fixed length control field 01333nam#a2200373#a#4500
001 - CONTROL NUMBER
control field vtls000818906
003 - CONTROL NUMBER IDENTIFIER
control field NLI
005 - DATE AND TIME OF LATEST TRANSACTION
control field 20210627054909.0
008 - FIXED-LENGTH DATA ELEMENTS--GENERAL INFORMATION
fixed length control field 110331s1894 enk 000 1 eng
039 #9 - LEVEL OF BIBLIOGRAPHIC CONTROL AND CODING DETAIL [OBSOLETE]
-- 201103311834
-- Datasoft
040 0# - CATALOGING SOURCE
Original cataloging agency NLI
Language of cataloging eng
Transcribing agency Retro_DSC 1
Description conventions AACR2
041 0# - LANGUAGE CODE
Language code of text/sound track or separate title eng
044 ## - COUNTRY OF PUBLISHING/PRODUCING ENTITY CODE
MARC country code enk
082 04 - DEWEY DECIMAL CLASSIFICATION NUMBER
Classification number 827.5
100 1# - MAIN ENTRY--PERSONAL NAME
Personal name Gulliver, Lemuel
9 (RLIN) 788287
245 10 - TITLE STATEMENT
Title Travels into several remote nations of the world /
Statement of responsibility, etc. by Lemuel Gulliver ; with a preface by Henry Craik ' and one hundred illustrations by Charles E. Brock
260 ## - PUBLICATION, DISTRIBUTION, ETC.
Place of publication, distribution, etc. London :
Name of publisher, distributor, etc. Macmillan,
Date of publication, distribution, etc. 1894
300 ## - PHYSICAL DESCRIPTION
Extent xxx, 381 p. ;
Dimensions 18 cm.
500 ## - GENERAL NOTE
General note In 2 parts: pt. II has separate t.p. and paging
500 ## - GENERAL NOTE
General note Engraved frontispiece; head and tail pieces; initials
500 ## - GENERAL NOTE
General note A spurious work: not written by Swift
500 ## - GENERAL NOTE
General note Uniform with the 1st edition of Gulliver's travels
650 #0 - SUBJECT ADDED ENTRY--TOPICAL TERM
Topical term or geographic name entry element Travelers
Form subdivision Fiction
9 (RLIN) 778741
650 #0 - SUBJECT ADDED ENTRY--TOPICAL TERM
Topical term or geographic name entry element Travelers' writings, English
9 (RLIN) 729806
650 #0 - SUBJECT ADDED ENTRY--TOPICAL TERM
Topical term or geographic name entry element Travelers' writings, European
9 (RLIN) 791733
700 1# - ADDED ENTRY--PERSONAL NAME
Personal name Brock, Charles E.,
Relationship ill
9 (RLIN) 789373
710 2# - ADDED ENTRY--CORPORATE NAME
Corporate name or jurisdiction name as entry element Asutosh Collection (National Library, India)
887 ## - NON-MARC INFORMATION FIELD
Content of non-MARC field
901 ## - LOCAL DATA ELEMENT A, LDA (RLIN)
a 35705
b 07.01.1967
902 ## - LOCAL DATA ELEMENT B, LDB (RLIN)
a A.C 827.5 S 10 (1 )
949 ## - LOCAL PROCESSING INFORMATION (OCLC)
-- VIRTUAITEM
-- 10000
-- 100
6 GAC000035705ENG
942 ## - ADDED ENTRY ELEMENTS (KOHA)
Source of classification or shelving scheme Dewey Decimal Classification
Koha item type Books
Holdings
Withdrawn status Lost status Damaged status Not for loan Collection code Home library Current library Shelving location Date acquired Total Checkouts Full call number Barcode Date last seen Price effective from Koha item type
          National Library of India National Library of India       A.C 827.5 S 10 (1 ) GAC000035705ENG 27/06/2021 27/06/2021 Books
                                                                           
web counter

Copyright ©2020 The National Library of India, Govt. of India ↔ Hosted by NVLI, MOC ↔ Technology and Design by National Library of India, Ministry of Culture, Govt. of India